Normal view
MARC view
- SYSTEM design/system analaysis
Entry Topical Term
001 - CONTROL NUMBER
- control field: 201
003 - CONTROL NUMBER IDENTIFIER
- control field: JO-AjAnu
005 - DATE AND TIME OF LATEST TRANSACTION
- control field: 20230606070332.0
008 - FIXED-LENGTH DATA ELEMENTS
- fixed length control field: 230606|| aca||aabn | a|a d
040 ## - CATALOGING SOURCE
- Original cataloging agency: JO-AjAnu
- Transcribing agency: JO-AjAnu
150 ## - HEADING--TOPICAL TERM
- Topical term or geographic name entry element: SYSTEM design/system analaysis
670 ## - SOURCE DATA FOUND
- Source citation: Work cat.: (JO-AjAnu)105: Senn,James a, author 200, Analysis Design of information Systems